Alimentos de México. (Record no. 1819)

MARC details
000 -CABECERA
campo de control de longitud fija 00890nam a2200217 a 4500
005 - FECHA Y HORA DE LA ÚLTIMA TRANSACCIÓN
campo de control 20250521063809.0
008 - ELEMENTOS DE LONGITUD FIJA--INFORMACIÓN GENERAL
campo de control de longitud fija 991125s1999 mx 000 0 spa u
020 ## - NÚMERO INTERNACIONAL NORMALIZADO PARA LIBROS
Número Internacional Estándar del Libro 9706630163
035 ## - NÚMERO DE CONTROL DEL SISTEMA
Número de control de sistema UPN01000001819
049 ## - COLECCIÓN
Colección CG
050 #4 - SIGNATURA TOPOGRÁFICA DE LA BIBLIOTECA DEL CONGRESO
Número de clasificación TX716 M6
Número de documento/Ítem A5.5 1999
245 00 - MENCIÓN DE TÍTULO
Título Alimentos de México.
250 ## - MENCIÓN DE EDICIÓN
Mención de edición 2a ed.
260 ## - PUBLICACIÓN, DISTRIBUCIÓN, ETC.
Lugar de publicación, distribución, etc. México :
Nombre del editor, distribuidor, etc. Clío,
Fecha de publicación, distribución, etc. 1999.
300 ## - DESCRIPCIÓN FÍSICA
Extensión 1 v. (en varias paginaciones)
440 #3 - MENCIÓN DE SERIE/ASIENTO SECUNDARIO--TÍTULO
Título La cocina mexicana a través de los siglos.
Nombre de parte o sección de la obra Segunda serie
505 8# - NOTA DE CONTENIDO CON FORMATO PREESTABLECIDO
Nota de contenido con formato Contenido:
Título El placer del chile /
Mención de responsabilidad Janet Long Solís, Manuel Alvarez y Aranzazú Camarena --
Título La cocina del tomate, frijol y calabaza /
Mención de responsabilidad Ana María Carrillo --
Título La cultura del maíz /
Mención de responsabilidad Felipe Solís --
Título El nopal y su historia /
Mención de responsabilidad Ernesto Velázquez --
Título Del cacao al chocolate /
Mención de responsabilidad Ana M. de Benítez
500 ## - NOTA GENERAL
Nota general Título tomado de la cubierta
650 #4 - ASIENTO SECUNDARIO DE MATERIA - TERMINO TEMATICO
Término de materia o nombre geográfico como elemento de entrada Cocina mexicana
9 (RLIN) 9233
905 ## - TIPO DE MATERIAL
Tipo de material Libro
Holdings
Estado de retiro Estado de pérdida Fuente del sistema de clasificación o colocación Estado dañado No para préstamo Código de colección Localización permanente Ubicación/localización actual Ubicación en estantería Total de préstamos Clasificación Código de barras Fecha visto por última vez Número de copia Tipo de ítem Koha Fecha de adquisición
    Library of Congress Classification     Colección General Bib. Gregorio Torres Quintero Bib. Gregorio Torres Quintero Planta baja 25 TX716 M6 A5.5 1999 165960 31/12/2020 1 Libro  
    Library of Congress Classification     Colección General Bib. Gregorio Torres Quintero Bib. Gregorio Torres Quintero Planta baja 21 TX716 M6 A5.5 1999 165961 31/12/2020 1 Libro  
    Library of Congress Classification   Disponible (Préstamo en sala) Colección Medina Bib. Gregorio Torres Quintero Bib. Gregorio Torres Quintero Colecciones especiales Planta alta   TX716 M6 A5.5 1999 165959 31/12/2020 1 Libro 30/01/2023